[Event "Nachod op 7th"]
[Site "Nachod"]
[Date "2001.??.??"]
[Round "8"]
[White "Hradecky, Ivo"]
[Black "Kupis, Andrzej"]
[Result "1/2-1/2"]
[WhiteElo "1890"]
[BlackElo "2100"]
[PlyCount "57"]
[EventDate "2001.??.??"]
[EventType "swiss"]
[EventRounds "9"]
[EventCountry "CZE"]
[SourceTitle "EXT 2007"]
[Source "ChessBase"]
[SourceDate "2006.11.23"]
[SourceVersion "1"]
[SourceVersionDate "2006.11.23"]
[SourceQuality "1"]

1. Nf3 d5 2. d4 e6 3. c4 c5 4. e3 Nf6 5. Nc3 Nc6 6. a3 dxc4 7. Bxc4 a6 8. 0-0 b5 9. Ba2 Bb7 10. Re1 Be7 11. dxc5 Bxc5 12. b4 Ba7 13. Bb2 0-0 14. Rc1 Rc8 15. Re2 Qe7 16. Rd2 Rfd8 17. Rcc2 h6 18. Rxd8+ Rxd8 19. Rd2 Kf8 20. Kf1 Ke8 21. Ke2 Rxd2+ 22. Qxd2 Qd7 23. h3 Qxd2+ 24. Kxd2 Ke7 25. Bb3 Bb8 26. Nd1 g5 27. Ke2 Ne8 28. g3 f6 29. Nd4 1/2-1/2

[Event "Nachod op 7th"]
[Site "Nachod"]
[Date "2001.??.??"]
[Round "7"]
[White "Kupis, Andrzej"]
[Black "Ptacek, Lubos"]
[Result "1/2-1/2"]
[WhiteElo "2100"]
[BlackElo "1935"]
[PlyCount "30"]
[EventDate "2001.??.??"]
[EventType "swiss"]
[EventRounds "9"]
[EventCountry "CZE"]
[SourceTitle "EXT 2007"]
[Source "ChessBase"]
[SourceDate "2006.11.23"]
[SourceVersion "1"]
[SourceVersionDate "2006.11.23"]
[SourceQuality "1"]

1. e4 e5 2. Nf3 Nc6 3. Bc4 Bc5 4. c3 d6 5. d4 exd4 6. cxd4 Bb6 7. 0-0 Bg4 8. h3 Bh5 9. Bb5 Bxf3 10. gxf3 a6 11. Ba4 Qh4 12. d5 Qg3+ 13. Kh1 Qxh3+ 14. Kg1 Qg3+ 15. Kh1 Qh3+ 1/2-1/2

[Event "Nachod op 7th"]
[Site "Nachod"]
[Date "2001.??.??"]
[Round "3"]
[White "Kupis, Andrzej"]
[Black "Rasik, Vitezslav"]
[Result "0-1"]
[WhiteElo "2420"]
[BlackElo "2100"]
[PlyCount "84"]
[EventDate "2001.??.??"]
[EventType "swiss"]
[EventRounds "9"]
[EventCountry "CZE"]
[SourceTitle "EXT 2007"]
[Source "ChessBase"]
[SourceDate "2006.11.23"]
[SourceVersion "1"]
[SourceVersionDate "2006.11.23"]
[SourceQuality "1"]

1. e4 c5 2. c3 d6 3. d4 Qc7 4. Nf3 g6 5. Bb5+ Nd7 6. 0-0 a6 7. Bd3 Bg7 8. Be3 Ngf6 9. Nbd2 0-0 10. Rc1 b5 11. h3 Bb7 12. Nh2 Rac8 13. f4 e5 14. fxe5 dxe5 15. d5 c4 16. Bc2 Ne8 17. g4 Nd6 18. Qe2 f5 19. exf5 gxf5 20. gxf5 Nf6 21. Ng4 Nxd5 22. Bh6 Rce8 23. Rf2 Nf4 24. Qe3 Qc6 25. Kh2 Nxf5 26. Bxf5 Rxf5 27. Rg1 Rf7 28. Nxe5 Rxe5 29. Qxe5 Qxh6 30. Qe3 Qe6 31. Qg3 Ng6 32. Rxf7 Qxf7 33. Re1 Bh6 34. Qb8+ Kg7 35. Rf1 Bf4+ 36. Rxf4 Qxf4+ 37. Qxf4 Nxf4 38. a4 bxa4 39. Nxc4 Nd3 40. Na5 Bd5 41. c4 Ba8 42. b4 Nxb4 0-1

[Event "Nachod op 7th"]
[Site "Nachod"]
[Date "2001.??.??"]
[Round "6"]
[White "Picka, Michal"]
[Black "Kupis, Andrzej"]
[Result "1/2-1/2"]
[WhiteElo "1920"]
[BlackElo "2100"]
[PlyCount "36"]
[EventDate "2001.??.??"]
[EventType "swiss"]
[EventRounds "9"]
[EventCountry "CZE"]
[SourceTitle "EXT 2007"]
[Source "ChessBase"]
[SourceDate "2006.11.23"]
[SourceVersion "1"]
[SourceVersionDate "2006.11.23"]
[SourceQuality "1"]

1. e4 e6 2. d4 d5 3. e5 c5 4. c3 Nc6 5. Nf3 Qb6 6. Be2 Bd7 7. 0-0 h5 8. a3 c4 9. Nbd2 Na5 10. Ng5 Be7 11. f4 g6 12. Qc2 Nh6 13. Rb1 Qc7 14. Ndf3 Nf5 15. Bd1 Rc8 16. Qe2 Qb6 17. Bc2 Nb3 18. Be3 a5 1/2-1/2